The Journey of the flame (Record no. 149499)

MARC details
000 -LEADER
fixed length control field nam a22 7a 4500
005 - DATE AND TIME OF LATEST TRANSACTION
control field 20190704114024.0
008 - FIXED-LENGTH DATA ELEMENTS--GENERAL INFORMATION
fixed length control field 190703b xxu||||| |||| 00| 0 eng d
050 ## - LIBRARY OF CONGRESS CALL NUMBER
Classification number PZ3.A296
Item number F54 1933
100 1# - MAIN ENTRY--PERSONAL NAME
Personal name Fierro Blanco, Antonio de,
Dates associated with a name [1858-1937]
245 14 - TITLE STATEMENT
Title The Journey of the flame
Remainder of title : being an account of one year in the life of Señor Don Juan Obrigón known during past years in the three Californias as Juan Colorado and to the indiada of the same as the flame born at San José del Arroyo, lower California, México in 1798 and, having seen three centuries change customs and manners, died alone in 1902 at the great cardon, near Rosario, Mexico, with His face turned toward the south
Statement of responsibility, etc / Antonio de Fierro Blanco; with illustrations by Alfredo Ramos Martínez
260 ## - PUBLICATION, DISTRIBUTION, ETC. (IMPRINT)
Place of publication, distribution, etc Boston :
Name of publisher, distributor, etc Houghton Mifflin Company,
Date of publication, distribution, etc 1933
300 ## - PHYSICAL DESCRIPTION
Extent xviii, 295 páginas ;
Dimensions 21 cm
600 1# - SUBJECT ADDED ENTRY--PERSONAL NAME
Source of heading or term lemb
Personal name Obrigón, Juan
Titles and other words associated with a name Don
Fuller form of name Juan Colorado
General subdivision Autobiografía
-- Ficción
650 #7 - SUBJECT ADDED ENTRY--TOPICAL TERM
Source of heading or term lemb
Topical term or geographic name as entry element Jesuitas
Geographic subdivision California
General subdivision Ficción
651 #7 - SUBJECT ADDED ENTRY--GEOGRAPHIC NAME
Source of heading or term lemb
Geographic name Baja California (México, Península)
General subdivision Ficción
651 #7 - SUBJECT ADDED ENTRY--GEOGRAPHIC NAME
Source of heading or term lemb
Geographic name Baja California (México, Península)
General subdivision Descripción y viajes
-- Ficción
700 1# - ADDED ENTRY--PERSONAL NAME
Personal name Ramos Martínez, Alfredo
Relator term ilustraciones
942 ## - ADDED ENTRY ELEMENTS (KOHA)
Source of classification or shelving scheme Biblioteca del Cogreso de los Estados Unidos
Koha item type Libro
Holdings
Estado de pérdida Fuente de clasificación Estado del daño No para préstamo Ubicación permanente Ubicación actual Apartado o colección Fecha de adquisición Área del conocimiento Clasificación Código de Barras Date last seen Número de copia Costo por reposición Tipo de recurso
  Biblioteca del Cogreso de los Estados Unidos     Biblioteca del Instituto de Investigaciones Históricas Biblioteca del Instituto de Investigaciones Históricas Fondo bibliográfico “Carolina Escudero de Múgica” 04/07/2019 Educación y Humanidades PZ3.A296 F54 1933 IIH000027969 04/07/2019 C:1 1.00 Libro